Dr Jekyll and Mr Hyde

Αποθηκεύτηκε σε:
Λεπτομέρειες βιβλιογραφικής εγγραφής
Κύριος συγγραφέας: Stevenson, Robert Louis, 1850-1894
Μορφή: Βιβλίο
Γλώσσα:English
Δημοσίευση: Oxford : Oxford University Press, 1992
Σειρά:Oxford bookworms
Θέματα:
Ετικέτες: Προσθήκη ετικέτας
Δεν υπάρχουν, Καταχωρήστε ετικέτα πρώτοι!

MARC

LEADER 00000nam a2200000 i 4500
001 1/64469
008 941103s1992 eng d
020 |a 0-19-421661-6 
035 |a 1993  |c ΒΙΒΛΙΟΘΗΚΗ  |l 10046970 
040 |a GR-MY-UA  |b gre  |e aacr 
041 0 |a eng 
082 0 |a 428.64 
100 1 |a Stevenson, Robert Louis,   |d 1850-1894. 
245 1 0 |a Dr Jekyll and Mr Hyde /  |c R.L. Stevenson ; retold by Rosemary Border 
260 |a Oxford :   |b Oxford University Press,   |c 1992 
300 |a 75 p.;  |c 20 cm. 
490 1 |a Oxford bookworms 
650 0 0 |a English language  |v Textbooks for foreign speakers. 
650 0 0 |a English language  |x Readers. 
830 0 |a Oxford bookworms 
852 |a INST  |b SAMOS  |e 19941103  |h 428.64 STE  |p 005300002525  |q 005300002525  |t BK  |y 0 
909 |a Σ  |b 030778